000 00603nam a2200217Ia 4500
003 OSt
005 20220928140505.0
006 a|||||r|||| 00| 0
007 ta
008 220927b |||||||| |||| 00| 0 eng d
024 _a8851
037 _cTextual
040 _aSDCL
_cSDCL
_beng
041 _2eng
_aeng
082 _aD6,8(B),2771, N6
100 _aSardar Zizuddin Ed.
_9495454
245 0 _aCyberfutres
_b Culture and politics on the information superhighway
260 _c1996
942 _hD6,8(B),2771, N6
_cTEXL
_2CC
999 _c811650
_d811650